Video Game Items & Weapons By Picture: Hard - Statistics

General Stats
  • This quiz has been taken 8 times
  • The average score is 3 of 12
Answer Stats
Picture Answer % Correct
Frog Suit
43%
Hookshot
43%
Minikit
43%
Max Revive
29%
Nether Wart
29%
Peanut Popgun
29%
Screw Attack
29%
Fake Item Box
14%
Infantry Rifle
14%
Pitfall Seed
14%
Soda Popper
14%
Seedler
0%
No matching quizzes found
Score Distribution
Percent of People with Each Score
Percentile by Number Answered
Your Score History
You have not taken this quiz